000 00489nam a2200181Ia 4500
003 GCL
008 140319s9999 xx 000 0 ara d
040 _aGCL /
_cGCL
082 0 4 _aط
_b530
_bأأ
100 1 _aاسيل سمير
245 1 0 _aالمتعة مع علم الفيزياء /
_cاسيل سمير
300 _a47 ص
490 _aالكتاب العلمى
_v0
650 0 4 _aالاطفال
650 0 4 _aقصص الاطفال
650 0 4 _aالفيزياء
942 _2ddc
_cBK
999 _c51443
_d51443